| 000 | 00476nam a2200145Ia 4500 | ||
|---|---|---|---|
| 020 | _a139780070704800 | ||
| 082 |
_a621.382 _bRAO |
||
| 100 | _aRao,P Ramakrishna | ||
| 245 | _aAnalog communication | ||
| 260 |
_bTata McGraw Hill Education Private Limited _aNew Delhi _c2011 |
||
| 300 | _a499p. | ||
| 650 | _aELECTRONIC ENGINEERING | ||
| 653 | _aINTRODUCTION,SIGNALS,TRANSFORMS AND SPECTRAL ANALYSIS,SIGNAL TRANSMISSION THROUGH SYSTEMS,AMPLITUDE MODULATION, | ||
| 942 |
_2ddc _cBK |
||
| 999 |
_c5581 _d5581 |
||